[Event "Montreal"]
[Site "Montreal"]
[Date "1979.??.??"]
[Round "15"]
[White "Timman, Jan H"]
[Black "Huebner, Robert"]
[Result "1/2-1/2"]
[WhiteElo "2625"]
[BlackElo "2595"]

1. c4 Nf6 2. d4 e6 3. Nc3 Bb4 4. e3 b6 5. Nge2 Ba6 6. a3 Be7 7. Nf4 d5 8. cxd5  Bxf1 9. Kxf1 Nxd5 10. Ncxd5 exd5 11. Qh5 c6 12. Ne6 g6 13. Qe5 Bf6 14. Nxd8+  Bxe5 15. Nxf7 Kxf7 16. dxe5 Nd7 17. f4 Nc5 18. b4 Ne4 19. Bb2 Ke6 20. Ke2 h5  21. Rhc1 c5 22. Rab1 g5 23. Rf1 Raf8 24. fxg5 Rfg8 25. h4 Ng3+ 26. Kd3 Nxf1 27.  Rxf1 Rf8 28. Rf6+ Rxf6 29. exf6 Kf5 30. bxc5 bxc5 31. a4 Rc8 32. Ba3 Kg6 33. e4  c4+ 34. Kd4 dxe4 35. Kxe4 c3 36. Kd3 c2 37. Bc1 Rc6 38. g3 Rc7 39. Kd4 Rd7+ 40.  Kc3 Rc7+ 41. Kd4 Kf7 42. Kd3 a5 43. Kd4 Rc8 44. Kd3 Rc5 45. Kd4 Rf5 46. Kd3  Rf3+ 47. Kxc2 Rxg3 48. Bd2 Rg2 49. Kc3 Ke6 50. Kd3 Rg4 51. Bxa5 Rxh4 52. g6  Rh3+ 53. Kc4 Kxf6 54. Bd8+ Kxg6 55. a5 Kf7 56. a6 Ke6 57. a7 Ra3 58. Bb6 Kd7  59. Kb4 Rxa7 1/2-1/2